Statistics for Countries Closest to Syria - One Minute Sprint

Click here to take the quiz!

General Stats

  • This quiz has been taken 85 times
  • The average score is 14 of 20

Answer Stats

kmcountrymiles% Correct
181Iran113
99%
0Iraq0
96%
0Turkey0
93%
0Lebanon0
91%
0Israel0
90%
0Jordan0
90%
215Egypt134
88%
91Saudi Arabia57
88%
335Armenia208
78%
331Azerbaijan205
78%
103Cyprus64
77%
555Greece345
75%
761Kuwait473
74%
437Georgia272
71%
582Russia361
71%
44Palestine27
55%
1007Libya626
45%
1148Sudan714
38%
956Turkmenistan594
23%
1003Kazakhstan623
16%

Score Distribution

Percentile by Number Answered

Percent of People with Each Score

Your Score History

You have not taken this quiz